000 01019cad a22002535a 4500
001 E151200
008 101007s2008 xxk f 100 0 eng d
020 _a9781842194348
035 _a(Sirsi) u151200
041 0 _aeng
100 1 _aOdeyinka, Henry A.
111 2 _aConstruction and Building Research Conference
_cDublin Institute of Technology, Dublin
_d4-5 September 2008
245 0 3 _aAn evaluation of quantity surveying software usage in Northern Ireland
_h[electronic resource]
260 _aLondon
_bRICS
_c2008
520 _aA paper presented at the COBRA Conference 2008 in Dublin.
590 _aKA
650 2 4 _aCONSTRUCTION AND BUILDING RESEARCH CONFERENCE (COBRA)
651 4 _aNorthern Ireland
_y2007-
690 _aQuantity surveying
_96263
690 _aMANAGEMENT-BUSINESS MANAGEMENT-INFORMATION MANAGEMENT
700 1 _aDoherty, Conaill
856 4 0 _uhttps://www.rics.org/site/download_feed.aspx?fileID=3459&fileExtension=PDF
_zView the item free of charge at www.rics.org...
942 _n0
999 _c111223
_d111223